000 00649nam a22002417a 4500
003 UA-OsUOA
001 21950
007 ta
008 20031215b un ||||| |||| 00| 0 ukr d
090 _a011
_bЯ20
942 _cBK
040 _aUA-OsUOA
_bukr
_cUA-OsUOA
_dUA-OsUOA
245 _aЯрослава Заклевська
_bБібліографічний покажчик
_cСост. М.Чікало, канд. філол. наук Я.Єрмолович
300 _a72 с.
955 _a0
041 _aukr
080 _a011
020 _a966-02-0576-7
260 _aЛьвів
_c1997
044 _aUA
650 7 _2UDC
999 _c308160
_d308160